[Event "GER-ch U10"]
[Site "Willingen"]
[Date "2007.05.26"]
[Round "1"]
[White "Wagner, Dennis"]
[Black "Bajorski, Maria Sophie"]
[Result "1-0"]
[WhiteElo "1511"]
[BlackElo "1109"]
[PlyCount "33"]
[EventDate "2007.05.26"]
[EventType "swiss"]
[EventRounds "11"]
[EventCountry "GER"]
[SourceTitle "CBM 118 Extra"]
[Source "ChessBase"]
[SourceDate "2007.07.04"]
[SourceVersion "1"]
[SourceVersionDate "2007.07.04"]
[SourceQuality "1"]

1. e4 c5 2. Nf3 e6 3. d4 cxd4 4. Nxd4 a6 5. Nc3 Qc7 6. Bd3 Nf6 7. 0-0 Bc5 8. Be3 b6 9. Re1 Bb7 10. Nb3 Bb4 11. Bd2 0-0 12. e5 Qc6 13. Ne4 Bxd2 14. Nbxd2 Nd5 15. Qh5 Nf4 16. Nf6+ gxf6 17. Qxh7# 1-0

[Event "GER-ch U10"]
[Site "Willingen"]
[Date "2006.06.05"]
[Round "5"]
[White "Priese, Annika"]
[Black "Bajorski, Maria Sophie"]
[Result "1/2-1/2"]
[WhiteElo "1000"]
[BlackElo "818"]
[PlyCount "53"]
[EventDate "2006.06.04"]
[EventType "swiss"]
[EventRounds "11"]
[EventCountry "GER"]
[SourceTitle "EXT 2007"]
[Source "ChessBase"]
[SourceDate "2006.11.23"]
[SourceVersion "1"]
[SourceVersionDate "2006.11.23"]
[SourceQuality "1"]

1. e4 c5 2. Nf3 e6 3. d4 cxd4 4. Nxd4 a6 5. Nc3 Qc7 6. Be3 Nf6 7. Bg5 Be7 8. Bd3 0-0 9. Qf3 b5 10. Qh3 e5 11. Nf3 Nc6 12. 0-0 d6 13. Qh4 h6 14. Bxf6 Bxf6 15. Qg3 Qe7 16. Nd5 Qd8 17. c3 Rb8 18. a3 a5 19. b4 axb4 20. axb4 h5 21. Nd2 Bg4 22. h3 Bh4 23. Qh2 Be6 24. g3 Bg5 25. Nf3 Bh6 26. Nh4 g6 27. Qg2 1/2-1/2

[Event "GER-ch U10"]
[Site "Willingen"]
[Date "2006.06.04"]
[Round "1"]
[White "Engshuber, Maximilian"]
[Black "Bajorski, Maria Sophie"]
[Result "1-0"]
[WhiteElo "1228"]
[BlackElo "818"]
[PlyCount "49"]
[EventDate "2006.06.04"]
[EventType "swiss"]
[EventRounds "11"]
[EventCountry "GER"]
[SourceTitle "EXT 2007"]
[Source "ChessBase"]
[SourceDate "2006.11.23"]
[SourceVersion "1"]
[SourceVersionDate "2006.11.23"]
[SourceQuality "1"]

1. e4 c5 2. Nf3 e6 3. d4 cxd4 4. Nxd4 a6 5. Nc3 Qc7 6. Be3 Nf6 7. Bd3 b5 8. a3 Bb7 9. Qf3 Bd6 10. Nce2 0-0 11. Bg5 Kh8 12. Bxf6 gxf6 13. Qxf6+ Kg8 14. Qg5+ Kh8 15. e5 Rg8 16. Qf6+ Rg7 17. exd6 Qxd6 18. Nf4 Nc6 19. Nxc6 Qxc6 20. 0-0-0 Rc8 21. Nh5 Rcg8 22. Nxg7 Rxg7 23. h4 Qxg2 24. Rdg1 Kg8 25. Qd8# 1-0

[Event "GER-ch U10"]
[Site "Willingen"]
[Date "2006.06.04"]
[Round "3"]
[White "Palm, Soeren"]
[Black "Bajorski, Maria Sophie"]
[Result "1-0"]
[WhiteElo "1023"]
[BlackElo "818"]
[PlyCount "71"]
[EventDate "2006.06.04"]
[EventType "swiss"]
[EventRounds "11"]
[EventCountry "GER"]
[SourceTitle "EXT 2007"]
[Source "ChessBase"]
[SourceDate "2006.11.23"]
[SourceVersion "1"]
[SourceVersionDate "2006.11.23"]
[SourceQuality "1"]

1. e4 c5 2. c4 e6 3. Nf3 a6 4. d4 cxd4 5. Nxd4 Qc7 6. Nc3 Nf6 7. Be3 Bb4 8. a3 Bxc3+ 9. bxc3 Nxe4 10. Qg4 Qe5 11. f4 Qf6 12. Rc1 h5 13. Qf3 Nd6 14. c5 Nf5 15. Bc4 d5 16. cxd6 Nxd6 17. Bd3 Bd7 18. c4 Ba4 19. c5 Nc6 20. cxd6 Nxd4 21. Rc4 Bc6 22. Qf2 Nf5 23. Bxf5 exf5 24. Bd4 Qd8 25. Bxg7 Rg8 26. Bd4 Rxg2 27. Qe3+ Kf8 28. Bb6 Qxd6 29. Bc5 Qxc5 30. Qxc5+ Kg7 31. Rg1 Re8+ 32. Kf1 Ree2 33. Rxg2+ Rxg2 34. Qe5+ Kf8 35. Rxc6 Rxh2 36. Rc8# 1-0